The Story teller beginnings : (Record no. 368643)
[ view plain ]
| 000 -LEADER | |
|---|---|
| fixed length control field | 00631nam a22002057a 4500 |
| 003 - CONTROL NUMBER IDENTIFIER | |
| control field | 0 |
| 005 - DATE AND TIME OF LATEST TRANSACTION | |
| control field | 20251114114400.0 |
| 008 - FIXED-LENGTH DATA ELEMENTS--GENERAL INFORMATION | |
| fixed length control field | 251114b xxu||||| |||| 00| 0 eng d |
| 020 ## - INTERNATIONAL STANDARD BOOK NUMBER | |
| International Standard Book Number | 1-57748-678-1 |
| 050 ## - LIBRARY OF CONGRESS CALL NUMBER | |
| Classification number | BS 570 |
| Item number | .S74 1998 |
| 100 ## - MAIN ENTRY--PERSONAL NAME | |
| Personal name | Stephens, Steve, |
| Relator term | author. |
| 245 ## - TITLE STATEMENT | |
| Title | The Story teller beginnings : |
| Remainder of title | a gallery of biblical portraits / |
| Statement of responsibility, etc | Steve Stephens. |
| 260 ## - PUBLICATION, DISTRIBUTION, ETC. (IMPRINT) | |
| Place of publication, distribution, etc | Uhrichsville, Ohio : |
| Name of publisher, distributor, etc | Promise Press, |
| Date of publication, distribution, etc | 1998. |
| 300 ## - PHYSICAL DESCRIPTION | |
| Extent | 192 pages ; |
| Dimensions | 22 cm. |
| 650 ## - SUBJECT ADDED ENTRY--TOPICAL TERM | |
| Topical term or geographic name as entry element | Devotional literature. |
| 650 ## - SUBJECT ADDED ENTRY--TOPICAL TERM | |
| Topical term or geographic name as entry element | Religious life |
| General subdivision | Christianity. |
| 650 ## - SUBJECT ADDED ENTRY--TOPICAL TERM | |
| Topical term or geographic name as entry element | Bible |
| General subdivision | Biography. |
| 650 ## - SUBJECT ADDED ENTRY--TOPICAL TERM | |
| Topical term or geographic name as entry element | Bible |
| General subdivision | Characters. |
| 942 ## - ADDED ENTRY ELEMENTS (KOHA) | |
| Source of classification or shelving scheme | Library of Congress Classification |
| Koha item type | Books |
| Withdrawn status | Lost status | Source of classification or shelving scheme | Damaged status | Home library | Current library | Shelving location | Date acquired | Source of acquisition | Sub Shelving location | Total Checkouts | Full call number | Barcode | Date last seen | Price effective from | Koha item type |
|---|---|---|---|---|---|---|---|---|---|---|---|---|---|---|---|
| Library of Congress Classification | College Library | College Library | General Circulation Section | 08/01/2024 | Donation | BS 570 .S74 1998 | C25675 | 11/14/2025 | 11/14/2025 | Books |